000 00337nam a22001457a 4500
003 OSt
008 250516b |||||||| |||| 00| 0 eng d
100 _aSARSAWATI, Meharshi Dayanand
245 _aUpdesh Manjari
250 _a21th
260 _aNew Delhi
_bArya Prakashan
_c2021
300 _a222
650 _aGeneral
942 _2ddc
_cBK
999 _c13582
_d13582